Extreme Capital Cities - Statistics

General Stats
  • This quiz has been taken 787 times
    377 since last reset
  • The average score is 8 of 15
Answer Stats
Description Capital City % Correct
World's northernmost capital city, at 64° 08′ N Reykjavik
89%
World's southernmost capital city, at 41° 17′ S Wellington
85%
World's most populous capital city (city proper), with a pop. of 21.5 million Beijing
80%
World's highest capital city, at 3,631 m (11,913 ft) above sea level La Paz
76%
World's capital cities closest to each other( 0 km / 0 mi) Vatican City
74%
World's capital cities closest to each other( 0 km / 0 mi) Rome
70%
World's coldest capital city, with an annual avg. temperature of -1.3°C (29.7°F) Ulaanbaatar
69%
World's capital city furthest away from the sea (2,058 km or 1,279 mi) Bishkek
39%
World's least populous capital city, with a pop. of 271 Ngerulmud
39%
World's easternmost capital city, at 179° 12′ E Funafuti
35%
World's westernmost capital city, at 175° 12′ W Nukuʻalofa
33%
World's lowest capital city, at -28 m (-92 m) below sea level Baku
32%
World's hottest capital city, with an annual avg. temperature of 29.9°C (85.8°F) Khartoum
26%
World's capital cities furthest away from each other (19,937 km / 12,388 mi) Taipei
11%
World's capital cities furthest away from each other (19,937 km / 12,388 mi) Asunción
7%
No matching quizzes found
Score Distribution
Percent of People with Each Score
Percentile by Number Answered
Your Score History
You have not taken this quiz since the last reset